Welcome to the Holygrace Academy Library

Please use search bar below to get started

THE EDDIE DICKENS TRILOGY (Record no. 5652)

MARC details
000 -LEADER
fixed length control field 00328nam a22001457a 4500
020 ## - INTERNATIONAL STANDARD BOOK NUMBER
ISBN 0-571-20947-5
082 ## - DEWEY DECIMAL CLASSIFICATION NUMBER
Classification number 823
Item number ABD/P
100 ## - MAIN ENTRY--AUTHOR NAME
Personal name ARDAGH, PHILIP
245 ## - TITLE STATEMENT
Title THE EDDIE DICKENS TRILOGY
260 ## - PUBLICATION, DISTRIBUTION, ETC. (IMPRINT)
Place of publication LONDON
Name of publisher FABER AND FABER
Year of publication 2001
300 ## - PHYSICAL DESCRIPTION
Number of Pages 134
520 ## - SUMMARY, ETC.
Summary, etc ENGLISH NOVEL
650 ## - SUBJECT ADDED ENTRY--TOPICAL TERM
Topical Term ENGLISH NOVEL
942 ## - ADDED ENTRY ELEMENTS (KOHA)
Koha item type Books
Holdings
Withdrawn status Lost status Collection code Home library Current library Shelving location Date acquired Source of acquisition Cost, normal purchase price Full call number Accession Number Koha item type
    Fiction Main Library Main Library SHELF-16- I- MALAYALAM NOVELS,FICTIONS 01/02/2019 Purchase 100.00 823 ABD/P 10956 Books